[Event "Mumbai Wealth op U13"]
[Site "Mumbai"]
[Date "2016.02.02"]
[Round "6"]
[White "Jain, Ashwat"]
[Black "Karra, Abhinav"]
[Result "1/2-1/2"]
[WhiteElo "1287"]
[BlackElo "1182"]
[PlyCount "83"]
[EventDate "2016.01.28"]
[EventType "swiss"]
[EventRounds "9"]
[EventCountry "IND"]
[SourceTitle "CBM 170 Extra"]
[Source "ChessBase"]
[SourceDate "2016.02.25"]
[SourceVersion "1"]
[SourceVersionDate "2016.02.25"]
[SourceQuality "1"]

1. e4 c5 2. d4 cxd4 3. c3 d5 4. exd5 Qxd5 5. Nf3 Bg4 6. Be2 Nc6 7. 0-0 Nf6 8. Nxd4 Bxe2 9. Nxe2 Qxd1 10. Rxd1 Rd8 11. Rxd8+ Kxd8 12. Na3 a6 13. Nc2 e6 14. Bg5 Be7 15. Rd1+ Kc8 16. f3 Rd8 17. Rxd8+ Kxd8 18. Ncd4 Bc5 19. Be3 Kd7 20. b4 Ba7 21. Kf2 Nd5 22. Nc2 Nxe3 23. Nxe3 Ne7 24. Nd4 Bxd4 25. cxd4 Nd5 26. a3 Nxe3 27. Kxe3 Kd6 28. g4 g5 29. Ke4 h6 30. a4 b6 31. h3 f6 32. b5 a5 33. Kd3 Kd5 34. Kc3 e5 35. dxe5 Kxe5 36. Kc4 Ke6 37. Kc3 Kd5 38. Kd3 Kc5 39. Kc3 Kd5 40. Kd3 Kc5 41. Kc3 Kd6 42. Kd4 1/2-1/2